Non-governmental organizations and the state in Africa : (Record no. 3262)

MARC details
000 -LEADER
fixed length control field 01769cam a2200373 a 4500
001 - CONTROL NUMBER
control field 3941711
003 - CONTROL NUMBER IDENTIFIER
control field OSt
005 - DATE AND TIME OF LATEST TRANSACTION
control field 20160323144837.0
008 - FIXED-LENGTH DATA ELEMENTS--GENERAL INFORMATION
fixed length control field 930325s1993 enka b 001 0 eng
010 ## - LIBRARY OF CONGRESS CONTROL NUMBER
LC control number 93015540
020 ## - INTERNATIONAL STANDARD BOOK NUMBER
International Standard Book Number 041508850X (pbk.)
040 ## - CATALOGING SOURCE
Original cataloging agency DLC
Transcribing agency DLC
Modifying agency DLC
043 ## - GEOGRAPHIC AREA CODE
Geographic area code fb-----
050 00 - LIBRARY OF CONGRESS CALL NUMBER
Classification number S494.5.I5
Item number N65 1993
082 00 - DEWEY DECIMAL CLASSIFICATION NUMBER
Classification number 060.096
Edition number 20
Item number MON 1993
245 00 - TITLE STATEMENT
Title Non-governmental organizations and the state in Africa :
Remainder of title rethinking roles in sustainable agricultural development /
Statement of responsibility, etc. edited by Kate Wellard and James G. Copestake.
260 ## - PUBLICATION, DISTRIBUTION, ETC. (IMPRINT)
Place of publication, distribution, etc. London ;
-- New York :
Name of publisher, distributor, etc. Routledge,
Date of publication, distribution, etc. 1993.
300 ## - PHYSICAL DESCRIPTION
Extent xxx, 331 p. :
Other physical details ill.;
Dimensions 23 cm.
440 #0 - SERIES STATEMENT/ADDED ENTRY--TITLE
Title Non-governmental organizations series
9 (RLIN) 7344
500 ## - GENERAL NOTE
General note "Simultaneously published in the USA and Canada"--T.p. verso.
504 ## - BIBLIOGRAPHY, ETC. NOTE
Bibliography, etc Includes bibliographical references (p. 304-315) and index.
650 #0 - SUBJECT ADDED ENTRY--TOPICAL TERM
Topical term or geographic name as entry element Agriculture
General subdivision Technology transfer
Geographic subdivision Africa, Sub-Saharan.
9 (RLIN) 7345
650 #0 - SUBJECT ADDED ENTRY--TOPICAL TERM
Topical term or geographic name as entry element Agriculture
General subdivision Research
Geographic subdivision Africa, Sub-Saharan.
9 (RLIN) 7346
650 #0 - SUBJECT ADDED ENTRY--TOPICAL TERM
Topical term or geographic name as entry element Agricultural extension work
Geographic subdivision Africa, Sub-Saharan.
9 (RLIN) 7347
650 #0 - SUBJECT ADDED ENTRY--TOPICAL TERM
Topical term or geographic name as entry element Sustainable agriculture
Geographic subdivision Africa, Sub-Saharan.
9 (RLIN) 7348
650 #0 - SUBJECT ADDED ENTRY--TOPICAL TERM
Topical term or geographic name as entry element Agriculture and state
Geographic subdivision Africa, Sub-Saharan.
9 (RLIN) 7349
650 #0 - SUBJECT ADDED ENTRY--TOPICAL TERM
Topical term or geographic name as entry element Non-governmental organizations
General subdivision Africa, Sub-Saharan.
9 (RLIN) 7350
700 1# - ADDED ENTRY--PERSONAL NAME
Personal name Wellard, Kate,
Dates associated with a name 1963-
9 (RLIN) 7351
700 1# - ADDED ENTRY--PERSONAL NAME
Personal name Copestake, James G.,
Dates associated with a name 1960-
9 (RLIN) 7352
856 42 - ELECTRONIC LOCATION AND ACCESS
Materials specified Publisher description
Uniform Resource Identifier http://www.loc.gov/catdir/enhancements/fy0648/93015540-d.html
906 ## - LOCAL DATA ELEMENT F, LDF (RLIN)
a 7
b cbc
c orignew
d 1
e ocip
f 19
g y-gencatlg
942 ## - ADDED ENTRY ELEMENTS (KOHA)
Source of classification or shelving scheme Dewey Decimal Classification
Koha item type Short Loan
Holdings
Withdrawn status Lost status Source of classification or shelving scheme Damaged status Not for loan Home library Current library Date acquired Inventory number Total Checkouts Full call number Barcode Date last seen Price effective from Koha item type
    Dewey Decimal Classification     MUST Main Library MUST Main Library 14/03/2016 2003/19693   060.096 MON 1993 2016-0458 14/03/2016 14/03/2016 Short Loan
    Dewey Decimal Classification     MUST Main Library MUST Main Library 23/03/2016 2003/19692   060.096 MON 1993 2016-0502 23/03/2016 23/03/2016 Short Loan